00890cam a2200217 i 450000500170000000800410001702000390005804000290009704100080012608200160013424501320015026000460028230000500032850400530037865000260043165000490045765000250050670000530053170000360058471000520062020200104041533.0940901s1994 dcua b 101 0 eng  a1559633492 (pbk. : acidfree paper) aDLCcDLCdDLCdCO-BoIAVH0 aeng04a333.7bT73t00aToward sustainable development :bconcepts, methods, and policy /cedited by Jeroen C.J.M. van den Bergh, Jan van der Straaten. aWashington, D.C. :bIsland Press,cc1994. axii, 287 páginas :bilustraciones ;c23 cm. aIncluye referencias bibliográficas e índice.14aDesarrollo sostenible24aDesarrollo económicoxAspectos ambientales24aPolítica ambiental1 aBergh, Jeroen C. J. M. van den,d1965-,eeditor.1 aStraaten, Jan van der,eeditor.2 aInternational Society for Ecological Economics.